| 000 | 00741nam a22002053a 4500 | ||
|---|---|---|---|
| 005 | 20240419063725.0 | ||
| 008 | 011016s1996 mx fr 000 0 spa d | ||
| 020 | _a847869238X | ||
| 035 | _aUPN01000114136 | ||
| 049 | _aCE | ||
| 050 | 4 |
_aLB1140.5 L3 _bY9.3 |
|
| 100 | 1 |
_aYuste Hernanz, Carlos _929510 |
|
| 245 | 1 | 0 |
_aConceptos de color y forma : _bestimulando el desarrollo inteléctual : lenguaje, conceptos básicos : niños entre 3 y 7 años / _cCarlos Yuste Hernanz, Javier Aznar Serrano. |
| 260 |
_aMadrid : _bCEPE, _c1996. |
||
| 300 |
_a36 laminas : _bil. , col. |
||
| 440 | 0 |
_aLibromovil ; _v2 |
|
| 650 | 4 |
_aComunicación oral _xEstudio y enseñanza (Preescolar) _96705 |
|
| 700 | 1 |
_aAznar Serrano, Javier, _ecoaut. |
|
| 905 | _aLibro | ||
| 999 |
_c88044 _d88044 |
||